राजा रवि वर्मा / (Record no. 115862)

MARC details
000 -LEADER
fixed length control field 01151nam a22002657a 4500
005 - DATE AND TIME OF LATEST TRANSACTION
control field 20170124103030.0
010 ## - LIBRARY OF CONGRESS CONTROL NUMBER
LC control number A-383850
020 ## - INTERNATIONAL STANDARD BOOK NUMBER
Terms of availability 100.00
International Standard Book Number 8170551889
035 ## - SYSTEM CONTROL NUMBER
System control number A-383850
037 ## - SOURCE OF ACQUISITION
Source of stock number/acquisition Cen Lib/Ret
040 ## - CATALOGING SOURCE
Original cataloging agency DPL
Language of cataloging HN
082 ## - DEWEY DECIMAL CLASSIFICATION NUMBER
Classification number
Item number देसाई
100 ## - MAIN ENTRY--PERSONAL NAME
Personal name देसाई , रणजीत
9 (RLIN) 63603
245 ## - TITLE STATEMENT
Title राजा रवि वर्मा /
Statement of responsibility, etc रणजीत देसाई ;अनुवादक सरजू प्रसाद मिश्र
246 ## - VARYING FORM OF TITLE
Title proper/short title Raja ravi verma
Remainder of title by Ranjeet Prasad Mishar ; anuvadak Sarju Prasad Mihsar
260 ## - PUBLICATION, DISTRIBUTION, ETC. (IMPRINT)
Place of publication, distribution, etc नई दिल्ली
Name of publisher, distributor, etc वाणी प्रकशन
Date of publication, distribution, etc 1989
270 ## - ADDRESS
Address 4697/5,21ए -दरिया गंज
City नई दिल्ली
Postal code 110002
300 ## - PHYSICAL DESCRIPTION
Extent 306पृष्ठ.
Dimensions 20सेमी(सजिल्द)
650 ## - SUBJECT ADDED ENTRY--TOPICAL TERM
Topical term or geographic name as entry element हिंदी साहित्य
9 (RLIN) 63604
650 ## - SUBJECT ADDED ENTRY--TOPICAL TERM
Topical term or geographic name as entry element हिंदी उपन्यास
9 (RLIN) 63605
650 ## - SUBJECT ADDED ENTRY--TOPICAL TERM
Topical term or geographic name as entry element Hindi literature
9 (RLIN) 63606
650 ## - SUBJECT ADDED ENTRY--TOPICAL TERM
Topical term or geographic name as entry element Hindi novel
9 (RLIN) 63607
700 ## - ADDED ENTRY--PERSONAL NAME
Personal name मिश्र, सरजू प्रसाद
9 (RLIN) 63608
942 ## - ADDED ENTRY ELEMENTS (KOHA)
Source of classification or shelving scheme Dewey Decimal Classification
Koha item type Hindi Books
Classification part
Call number suffix देसाई
Holdings
Withdrawn status Lost status Damaged status Not for loan Home library Current library Date acquired Source of acquisition Cost, normal purchase price Total Checkouts Full call number Barcode Date last seen Copy number Cost, replacement price Price effective from Koha item type Public note Date checked out
Written off       Central Library Central Library 21/08/2015 Cen Lib/Ret 100.00   उ देसाई A-383850 21/08/2015 1 100.00 21/08/2015 Hindi Books Written off on approval by DLB (By Circulation); dtd 15-06-2023  
        Central Library Central Library 25/08/2015 Cen Lib/Ret 100.00 1 उ देसाई A-383851 27/07/2017 2 100.00 25/08/2015 Hindi Books   24/07/2017

© Delhi Public Library
Hit Counter
free hit counter